Towards an inclusive and sustainable housing market. (Record no. 81633)

MARC details
000 -LEADER
fixed length control field 01298cab a22002055a 4500
001 - CONTROL NUMBER
control field L147761
008 - FIXED-LENGTH DATA ELEMENTS--GENERAL INFORMATION
fixed length control field 090615s2009 xxk f 000 0 eng d
035 ## - SYSTEM CONTROL NUMBER
System control number (Sirsi) u147761
041 0# - LANGUAGE CODE
Language code of text/sound track or separate title eng
100 1# - MAIN ENTRY--PERSONAL NAME
Personal name Field, Martin
245 00 - TITLE STATEMENT
Title Towards an inclusive and sustainable housing market.
260 ## - PUBLICATION, DISTRIBUTION, ETC.
-- 009
490 ## - SERIES STATEMENT
Series statement Town & Country Planning
Volume/sequential designation 78(5) May 2009, 221-225(5)
520 ## - SUMMARY, ETC.
Summary, etc. A challenge to the current calls to promote institutional investment to build more homes for private rent. The author questions some recent reports by the Smith Institute and British Property Foundation, the Government's response to the Rugg Review (see L145590) into the professionalism of the private sector and also the Housing and Community Agency inviting expressions of interest for the submission of new financial models to support the private rental sector. This article argues against this response, regarding the increase in private rental sector as likely to exacerbate local division and alienation and could work against local strategies to develop affordable ownership as core elements of inclusive and sustainable communities.
590 ## - LOCAL NOTE (RLIN)
Local note KA
650 24 - SUBJECT ADDED ENTRY--TOPICAL TERM
Topical term or geographic name entry element RUGG REVIEW
651 #4 - SUBJECT ADDED ENTRY--GEOGRAPHIC NAME
Geographic name United Kingdom
Chronological subdivision
690 ## - LOCAL SUBJECT ADDED ENTRY--TOPICAL TERM (OCLC, RLIN)
Topical term or geographic name as entry element PROPERTY-RESIDENTIAL PROPERTY-RESIDENTIAL PROPERTY MARKET
942 ## - ADDED ENTRY ELEMENTS (KOHA)
Suppress in OPAC 0
Holdings
Withdrawn status Lost status Source of classification or shelving scheme Damaged status Not for loan Home library Current library Shelving location Date acquired Total Checkouts Full call number Barcode Date last seen Copy number Price effective from Koha item type
    Dewey Decimal Classification     London London Journal article 15/06/2009   L147761 147761-1001 06/08/2019 1 06/08/2019 Journal article